| 000 | 00510cam a22001697 4500 | ||
|---|---|---|---|
| 001 | ltf91042320 | ||
| 003 | DLC | ||
| 005 | 20260227111553.0 | ||
| 008 | 910412q19001959au 000 0 ger | ||
| 010 | _altf91042320 | ||
| 040 |
_aDLC _cDLC _dDLC |
||
| 050 | 0 | 0 | _a4ND 734 |
| 110 | 2 | _aKünstlerhaus Wien. | |
| 245 | 1 | 0 |
_aGedächtnis-Ausstellung Heinrich Angeli. Jännner 1928, _bKünstlerhaus. |
| 260 |
_a[Wien, _bVerlag der Genossenschaft der bildenden Künstler Wiens (Künstlerhaus) _c19 ] |
||
| 300 | _a17 p. | ||
| 999 |
_c37576 _d37576 |
||